Five Most Populous U.S. States By Decade - Statistics

General Stats
  • This quiz has been taken 58 times
  • The average score is 13 of 15
Answer Stats
Decade Population U.S. State % Correct
1990 12,937,926 Florida
100%
1790 340,120 New York
100%
1910 3,896,542 Texas
100%
1940 6,907,387 California
98%
1850 994,514 Massachusetts
94%
1790 434,373 Pennsylvania
94%
1790 635,764 Virginia
94%
1860 1,711,951 Illinois
92%
1820 581,434 Ohio
92%
1790 393,751 North Carolina
88%
1790 319,728 Maryland
84%
1860 1,350,428 Indiana
80%
1840 829,210 Tennessee
80%
1800 345,591 South Carolina
75%
1870 1,721,295 Missouri
73%
No matching quizzes found
Score Distribution
Percent of People with Each Score
Percentile by Number Answered
Your Score History
You have not taken this quiz